000 00558nam a2200145Ia 4500
008 100204s9999 xx 000 0 und d
082 _b3664
100 _aगाडगीळ गंगाधर
245 _aगोपुरांच्या प्रदेशात
260 _b"सुविचार प्रकाशन मंडळ , पुणे"
_c1967 3
300 _a231
630 _aगोपुरांच्या प्रदेशात
730 _aगोपुरांच्या प्रदेशात
942 _cBOOK
999 _c448575
_d448572